000 00512nam a2200157 i 4500
001 76289
003 ES-MaACL
007 t|
008 040930s1954 sp ||||1| spa d
100 1 _aGuerber, Roger.
_960452
245 1 0 _aDiccionario del automóvil /
_cRoger Guerber ; traducción del francés por Antonio Armangué.
260 _aBarcelona :
_bGustavo Gili,
_c1954 (
_fImp. Elzeviriana)
300 _a207 p. :
_bil. ;
_c22 cm.
700 1 _aArmangué, Antonio.
_922914
852 _aES-MaACL
_jC-7280
_bR.36017
999 _c76289
_d76289